[Event "London Classic Open 2017"]
[Site "London ENG"]
[Date "2017.12.04"]
[Round "4.100"]
[White "De Paolis, Fabrizio"]
[Black "Nettleton, Charlie B"]
[Result "0-1"]
[WhiteElo "1763"]
[BlackElo "2047"]
[WhiteFideId "822027"]
[BlackFideId "419710"]
[EventDate "2017.12.02"]

1. d4 d6 2. Nf3 Bg4 3. c4 Bxf3 4. exf3 e6 5. g3 Nf6 6. Bg2 c6 7. O-O Be7 8. Nc3
d5 9. b3 O-O 10. Bb2 Qa5 11. f4 Rd8 12. Qd3 Qb6 13. c5 Qa6 14. Qc2 b6 15. b4
bxc5 16. bxc5 Nbd7 17. Rfe1 Bf8 18. Bf1 Qa5 19. Bd3 g6 20. Ne2 Rab8 21. Bc3 Qa3
22. Kg2 Ne8 23. Ng1 Bg7 24. Ne2 f6 25. Ng1 Nc7 26. Qd2 e5 27. fxe5 fxe5 28. dxe5
Nxc5 29. Bc2 N7e6 30. Rab1 Qxa2 31. Nf3 Qc4 32. Nd4 Nxd4 33. Bxd4 Ne4 34. Qd1 c5
35. Be3 Nc3 36. Qf3 Nxb1 37. Bxb1 Bxe5 38. Bg5 Rf8 39. Qa3 Bd4 40. Ba2 Rxf2+ 41.
Kh3 Qf1+ 0-1

[Event "London Classic Open 2017"]
[Site "London ENG"]
[Date "2017.12.04"]
[Round "4.101"]
[White "Hagesather, Arne"]
[Black "Kim, Changhoon"]
[Result "1/2-1/2"]
[BlackTitle "CM"]
[WhiteElo "2046"]
[BlackElo "1859"]
[WhiteFideId "1502476"]
[BlackFideId "34117234"]
[EventDate "2017.12.02"]

1. d4 Nf6 2. c4 e6 3. Nf3 Bb4+ 4. Bd2 Qe7 5. Qc2 Bxd2+ 6. Nbxd2 d6 7. e3 O-O 8.
Be2 e5 9. O-O h6 10. Rfc1 e4 11. Ne1 c5 12. a3 cxd4 13. exd4 e3 14. Nf1 exf2+
15. Kxf2 Nc6 16. Rd1 Re8 17. h3 Ne4+ 18. Kg1 Qh4 19. Bf3 Ng5 20. Qf2 Qxf2+ 21.
Kxf2 Bf5 22. Ne3 Ne4+ 23. Kg1 Ng3 24. Nxf5 Nxf5 25. Nc2 Na5 26. b3 Ne3 27. Nxe3
Rxe3 28. Rab1 Rae8 29. c5 dxc5 30. b4 cxb4 31. axb4 Nc6 32. Ra1 Rb3 33. Ra4 Rd8
34. d5 Ne5 35. Be4 a6 36. d6 Rd7 37. Rc1 g6 38. Ra5 Nd3 39. Rc7 Rxd6 40. Rxb7
Rxb4 41. Rxb4 Nxb4 42. Bf3 Kf8 43. Ra4 Rb6 44. Kf2 Ke7 45. Be2 Kd6 46. Ke3 Nd5+
47. Kd3 g5 48. Bf3 Nb4+ 49. Kc3 Nc6 50. Bh5 f5 51. Be2 a5 52. Ra1 f4 53. Bc4 Kc5
54. Rd1 Nb4 55. Ra1 Nd5+ 56. Kd3 Ne3 57. Bf7 Rd6+ 58. Ke4 Rd4+ 59. Ke5 Rd2 60.
Rxa5+ Kb4 61. Ra6 Nxg2 62. Ke4 Ne1 63. Bh5 Rh2 64. Bg4 f3 65. Rxh6 f2 66. Rf6
Kc3 67. Ke3 Nd3 68. Ke2 Nf4+ 69. Kf1 Kd2 70. Rf8 Ke3 71. Re8+ Kd4 72. Bf5 Nh5
73. Re4+ Kd5 74. Rg4 Rxh3 75. Kxf2 1/2-1/2

[Event "London Classic Open 2017"]
[Site "London ENG"]
[Date "2017.12.04"]
[Round "4.102"]
[White "Yoon, Jacob D"]
[Black "Lochte, Szilvia"]
[Result "1-0"]
[WhiteElo "2045"]
[BlackElo "1850"]
[WhiteFideId "446076"]
[BlackFideId "708410"]
[EventDate "2017.12.02"]

1. e4 c5 2. Nf3 e6 3. d4 cxd4 4. Nxd4 a6 5. Bd3 Ne7 6. O-O Nec6 7. c3 b5 8. Be3
Bb7 9. Nd2 Ne5 10. Be2 d5 11. f4 Nc4 12. Nxc4 dxc4 13. Bf3 Qc7 14. Kh1 Bc5 15.
f5 e5 16. Ne6 fxe6 17. Bh5+ 1-0

[Event "London Classic Open 2017"]
[Site "London ENG"]
[Date "2017.12.04"]
[Round "4.103"]
[White "Prior, Stephen C V"]
[Black "Crismann, Alessandro Claudio"]
[Result "1/2-1/2"]
[BlackTitle "FM"]
[WhiteElo "2037"]
[BlackElo "1821"]
[WhiteFideId "423378"]
[BlackFideId "14302870"]
[EventDate "2017.12.02"]

1. d4 Nf6 2. Bf4 d5 3. Nc3 a6 4. e3 g6 5. h4 Nc6 6. h5 Nxh5 7. Rxh5 gxh5 8. Qxh5
Be6 9. Qh2 b5 10. O-O-O Qd7 11. Bxc7 Rc8 12. Bb6 Bf5 13. Bc5 e6 14. Nf3 Bxc5 15.
dxc5 Qc7 16. Qh6 Qa5 17. Nxd5 exd5 18. Qf6 Rg8 19. Qxf5 Ne7 20. Qxh7 Rxc5 21.
Kb1 b4 22. Ne5 Rf8 23. Be2 Qb6 24. Nd3 Rc7 25. Nf4 Qc6 26. Qd3 a5 27. e4 d4 28.
Nd5 Nxd5 29. exd5 Qxd5 30. Bf3 Qe5 31. Qf1 Kd8 32. Qa6 Re8 33. Bg4 f5 34. Bh5
Ree7 35. Qd3 Qe4 36. Qxd4+ Qxd4 37. Rxd4+ Rcd7 38. Rxd7+ Kxd7 39. Kc1 Re1+ 40.
Kd2 Rb1 41. b3 Ra1 42. Ke3 Rxa2 43. Bd1 Ke6 44. Kf4 a4 45. bxa4 Rxa4 46. Kg5 Ke5
47. f4+ Ke6 48. Be2 Ra3 49. Bc4+ Kd6 50. Bb3 Ra5 51. Kf6 Rc5 52. g3 Rc3 53. Kxf5
Rxg3 54. Ke4 Rc3 55. f5 Ke7 56. Ke5 1/2-1/2

[Event "London Classic Open 2017"]
[Site "London ENG"]
[Date "2017.12.04"]
[Round "4.104"]
[White "Dunn, Maxim"]
[Black "Millward, Kevin P"]
[Result "0-1"]
[WhiteElo "1757"]
[BlackElo "2035"]
[WhiteFideId "456551"]
[BlackFideId "404721"]
[EventDate "2017.12.02"]

1. c4 e5 2. g3 Nc6 3. Nc3 d6 4. Bg2 g6 5. e4 Bg7 6. Nge2 Nge7 7. d3 O-O 8. O-O
Be6 9. Be3 h6 10. Nd5 Nd4 11. b4 c6 12. Ndc3 Qd7 13. a4 f5 14. Bxd4 exd4 15.
exf5 Bxf5 16. Ne4 Kh7 17. Rc1 Rad8 18. c5 Bxe4 19. Bxe4 dxc5 20. h4 cxb4 21. h5
Qg4 22. Rc5 Kh8 23. hxg6 b6 24. Rc1 c5 25. Qd2 Rd6 26. Nf4 Rdf6 27. Kh2 Rxf4 28.
gxf4 Rxf4 29. f3 Qg5 30. Qg2 Rh4+ 31. Kg1 Qe3+ 32. Qf2 Qg5+ 33. Qg2 Qf4 34. Ra1
Rh5 35. Qf2 Be5 36. Ra2 Rh3 0-1

[Event "London Classic Open 2017"]
[Site "London ENG"]
[Date "2017.12.04"]
[Round "4.105"]
[White "Tivillier, Jacques"]
[Black "Wilks, Simon"]
[Result "1-0"]
[WhiteElo "1751"]
[BlackElo "2022"]
[WhiteFideId "417254"]
[BlackFideId "427357"]
[EventDate "2017.12.02"]

1. e4 e6 2. d4 d5 3. e5 c5 4. c3 Nc6 5. Nf3 Bd7 6. Bd3 cxd4 7. cxd4 Qb6 8. O-O
Nxd4 9. Nbd2 Nxf3+ 10. Nxf3 Ne7 11. Be3 Qd8 12. Ng5 h6 13. Nh7 Nc6 14. Nxf8 Rxf8
15. f4 d4 16. Bd2 Qb6 17. b4 Ne7 18. b5 Nd5 19. Kh1 Rc8 20. a4 Nc3 21. Qb3 Qc5
22. Bc1 Qd5 23. Qb4 f5 24. exf6 Rxf6 25. Ba3 Kf7 26. Rae1 Kg8 27. Re5 Qa2 28.
Qe7 Rf7 29. Bh7+ Kxh7 30. Qxf7 Qxa3 31. Qxd7 Rf8 32. Qxd4 Nxa4 33. Rxe6 Nc5 34.
Re3 Nb3 35. Qd3+ 1-0

[Event "London Classic Open 2017"]
[Site "London ENG"]
[Date "2017.12.04"]
[Round "4.107"]
[White "Ditmas, Hugh"]
[Black "Hughes, Anthony"]
[Result "1/2-1/2"]
[BlackTitle "CM"]
[WhiteElo "2004"]
[BlackElo "1810"]
[WhiteFideId "1270666"]
[BlackFideId "1803093"]
[EventDate "2017.12.02"]

1. d4 d5 2. c4 c6 3. Nf3 Nf6 4. Nc3 a6 5. c5 Nbd7 6. Bf4 Nh5 7. Bd2 Nhf6 8. Qc2
g6 9. g3 Bg7 10. Bg2 O-O 11. O-O Re8 12. Rad1 e5 13. Nxe5 Nxe5 14. dxe5 Rxe5 15.
e4 Nxe4 16. Nxe4 dxe4 17. Bc3 Rd5 18. Bxe4 Rxd1 19. Rxd1 Qe7 20. Bxg7 Kxg7 21.
Qc3+ Kg8 22. Re1 Be6 23. Bf3 Re8 24. a3 Qd8 25. h4 h5 26. b4 Qe7 27. Kh2 Qf8 28.
Re5 Qg7 29. Qe3 Qf6 30. Kg2 Rd8 31. Kh2 Kh7 32. Kg2 Bc4 33. Qc3 Kg7 34. Re3 Qxc3
35. Rxc3 Bd5 36. Re3 Kf6 37. Kf1 Bc4+ 38. Ke1 Be6 39. Be2 Rd4 40. f4 Rd8 41. Rd3
Re8 42. Rd6 Kf5 43. Kf2 Kf6 44. Bd3 Kg7 45. Ke3 Bh3+ 46. Kf2 Bg4 47. a4 Be6 48.
b5 axb5 49. axb5 Bd5 50. f5 gxf5 51. Bxf5 Ra8 52. Ke3 Ra4 53. b6 Rc4 54. Rd7 Kf6
55. Bd3 Rxc5 56. Rxb7 Rc3 57. Kd4 Rb3 58. Rb8 Ke6 59. Be2 Kd6 60. Rd8+ Ke7 61.
Rh8 Rxb6 62. Rxh5 Rb4+ 63. Ke3 Re4+ 64. Kd2 Rd4+ 65. Kc3 Ra4 66. g4 Ra2 67. Bd3
Rg2 68. g5 Kf8 69. Rh6 Kg7 70. Rf6 Rg4 71. Rh6 Ra4 72. Kd2 Rf4 73. Rh7+ Kg8 74.
Rh6 Kg7 75. Rh7+ Kg8 76. Rh6 Kg7 1/2-1/2

[Event "London Classic Open 2017"]
[Site "London ENG"]
[Date "2017.12.04"]
[Round "4.108"]
[White "Espinosa Cancino, Monica"]
[Black "Kobas, Mihael"]
[Result "1/2-1/2"]
[WhiteElo "1721"]
[BlackElo "2001"]
[WhiteFideId "22253025"]
[BlackFideId "14537133"]
[EventDate "2017.12.02"]

1. d4 Nf6 2. Nf3 g6 3. g3 Bg7 4. Bg2 O-O 5. O-O d5 6. c4 c6 7. Nc3 dxc4 8. a4
Nd5 9. Ne5 Nxc3 10. bxc3 Qa5 11. Bf4 Rd8 12. Qc2 Be6 13. Rfb1 f6 14. Nf3 Rd7 15.
Nd2 Na6 16. Ne4 Bf5 17. h3 e5 18. Be3 Bxe4 19. Bxe4 f5 20. Bg2 exd4 21. cxd4 c3
22. Ra3 Bf8 23. Rxc3 Nb4 24. Qb3+ Nd5 25. Rc2 Kg7 26. Bd2 Qd8 27. Bxd5 cxd5 28.
Qe3 Qe7 29. Qf3 Qe4 30. Qb3 Rad8 31. Rbc1 Bd6 32. Qe3 Qxe3 33. Bxe3 h6 34. h4
Rf8 35. Bf4 Bxf4 36. gxf4 Re8 37. e3 b6 38. Rc6 Kf7 39. Kh2 Re6 40. Rc8 Re8 41.
R8c6 Re6 1/2-1/2

[Event "London Classic Open 2017"]
[Site "London ENG"]
[Date "2017.12.04"]
[Round "4.109"]
[White "Lovell, William Pm"]
[Black "Sielicki, Tomasz"]
[Result "0-1"]
[WhiteElo "1688"]
[BlackElo "2001"]
[WhiteFideId "431060"]
[BlackFideId "1111400"]
[EventDate "2017.12.02"]

1. d4 Nf6 2. Nc3 d5 3. Bf4 e6 4. e3 Bd6 5. Nf3 Bxf4 6. exf4 O-O 7. Bd3 c5 8.
dxc5 Nbd7 9. c6 bxc6 10. Ne5 Qc7 11. Nxd7 Bxd7 12. Qf3 Rab8 13. Rb1 e5 14. fxe5
Qxe5+ 15. Be2 d4 16. Nd1 Bg4 17. Qd3 Rfe8 18. f3 Nd5 19. fxg4 Nf4 20. Qf3 Nxe2
21. Kd2 Qg5+ 22. Kd3 Nf4+ 23. Kxd4 Qe5+ 24. Kc4 Qb5+ 25. Kd4 c5+ 0-1

[Event "London Classic Open 2017"]
[Site "London ENG"]
[Date "2017.12.04"]
[Round "4.110"]
[White "Chidi, Lovinia Sylvia"]
[Black "Busse, Tom Niklas"]
[Result "1/2-1/2"]
[WhiteElo "1676"]
[BlackElo "1996"]
[WhiteFideId "1270574"]
[BlackFideId "12981605"]
[EventDate "2017.12.02"]

1. d4 d5 2. c4 c6 3. e3 Nf6 4. Nf3 e6 5. a3 Bd6 6. Nc3 Nbd7 7. Bd3 O-O 8. O-O
dxc4 9. Bxc4 b5 10. Bd3 a5 11. e4 e5 12. Bg5 exd4 13. Nxd4 Ne5 14. Be2 h6 15.
Bh4 Ng6 16. Bg3 Bxg3 17. hxg3 Qb6 18. Nf3 Re8 19. Qd4 c5 20. Qe3 Ng4 21. Qc1 c4
22. Nh2 Nf6 23. Bf3 Ne5 24. Qc2 Bb7 25. b3 Rac8 26. bxc4 Rxc4 27. Be2 Rc7 28.
Qb2 Qd4 29. Rac1 Nxe4 30. Qxb5 Rec8 31. Nxe4 Qxe4 32. Bf3 Nxf3+ 33. gxf3 Qd5 34.
Qxd5 Bxd5 35. Rxc7 Rxc7 36. Rd1 Be6 37. Rd8+ Kh7 38. Ra8 Bh3 39. Ng4 Bxg4 1/2-1/2

[Event "London Classic Open 2017"]
[Site "London ENG"]
[Date "2017.12.04"]
[Round "4.111"]
[White "Riedener, Toni"]
[Black "Neatherway, A Philip"]
[Result "1-0"]
[WhiteElo "1989"]
[BlackElo "1806"]
[WhiteFideId "1302698"]
[BlackFideId "418854"]
[EventDate "2017.12.02"]

1. d4 d5 2. c4 dxc4 3. e3 Nf6 4. Nf3 Bg4 5. h3 Bh5 6. Bxc4 e6 7. O-O Bd6 8. Nbd2
Nbd7 9. Qc2 Bg6 10. e4 O-O 11. Bd3 e5 12. dxe5 Nxe5 13. Nxe5 Bxe5 14. Nf3 Qe7
15. Nxe5 Qxe5 16. Bd2 Rad8 17. Bc3 Qf4 18. Rfe1 Rfe8 19. g3 Qd6 20. Re3 Qc6 21.
Bxf6 Qxc2 22. Bxc2 gxf6 23. Rae1 Rd2 24. R3e2 Rxe2 25. Rxe2 f5 26. f3 fxe4 27.
fxe4 Kg7 28. Kf2 Kf6 29. Kf3 Ke5 30. Rd2 Re7 31. Rd5+ Kf6 32. Kf4 c6 33. Rd6+
Kg7 34. g4 f6 35. a4 Rc7 36. b4 b6 37. a5 c5 38. axb6 axb6 39. b5 Rb7 40. Bb3
Bf7 41. Bxf7 Kxf7 42. Kf5 1-0

[Event "London Classic Open 2017"]
[Site "London ENG"]
[Date "2017.12.04"]
[Round "4.112"]
[White "Boger, Raymond"]
[Black "Jekel, Wolfgang"]
[Result "1-0"]
[WhiteElo "1986"]
[BlackElo "1787"]
[WhiteFideId "1507419"]
[BlackFideId "4690370"]
[EventDate "2017.12.02"]

1. c4 e5 2. g3 d6 3. Bg2 f5 4. Nc3 Nf6 5. d3 Be7 6. e4 O-O 7. Nge2 fxe4 8. dxe4
Be6 9. Nd5 Nc6 10. O-O Qd7 11. f3 Bd8 12. Be3 Ne7 13. Qd3 c6 14. Nxf6+ Rxf6 15.
Nc3 Bc7 16. Rad1 Rd8 17. b3 a6 18. Rf2 d5 19. cxd5 cxd5 20. exd5 Nxd5 21. Nxd5
Qxd5 22. Qxd5 Rxd5 23. Rc1 Rd7 24. Rfc2 Rff7 25. Bf2 Bd6 26. Re2 Rc7 27. Rd1
Rfd7 28. g4 Kf7 29. Bf1 e4 30. Red2 Bb4 31. Rd4 Rxd4 32. Rxd4 Be7 33. Rxe4 Bd5
34. Re5 Be6 35. Bd3 g6 36. Kg2 Rc3 37. Re3 Rc7 38. Be4 b5 39. Re2 a5 40. Bb6 Rc1
41. Bxa5 Bc5 42. Be1 Be7 43. Bf2 b4 44. Rc2 Ra1 45. Bd4 Rd1 46. Be5 Bd7 47. Bf4
Bb5 48. Rc7 Ke6 49. Rc1 Rd8 50. Bc6 Ba6 51. Re1+ Kf7 52. Kg3 Rd4 53. Be4 Bc8 54.
h4 h5 55. Bxg6+ Kxg6 56. Rxe7 hxg4 57. fxg4 Rd1 58. Be3 Rd3 59. Kf4 Rc3 60. Re4
Rc2 61. h5+ Kf7 62. g5 Rxa2 63. g6+ Kg7 64. Re8 1-0

[Event "London Classic Open 2017"]
[Site "London ENG"]
[Date "2017.12.04"]
[Round "4.113"]
[White "Parry, Jacques"]
[Black "Ifalore, Michael"]
[Result "0-1"]
[WhiteElo "1596"]
[BlackElo "1962"]
[WhiteFideId "425923"]
[BlackFideId "436356"]
[EventDate "2017.12.02"]

1. e4 e5 2. Nc3 Nf6 3. Nf3 Nc6 4. d4 exd4 5. Nxd4 Bb4 6. Nxc6 bxc6 7. Bd3 O-O 8.
O-O Re8 9. Bg5 h6 10. Bh4 d6 11. Re1 Rb8 12. e5 dxe5 13. Rxe5 Be6 14. Qf3 Be7
15. Rae1 Rb4 16. Bg3 Rxb2 17. Qe2 Bd6 18. Re3 Bc5 19. Na4 Bxe3 20. Nxb2 Bd4 21.
Nd1 c5 22. Bb5 Bd7 23. Qf1 Bxb5 24. Rxe8+ Qxe8 0-1

[Event "London Classic Open 2017"]
[Site "London ENG"]
[Date "2017.12.04"]
[Round "4.114"]
[White "Rogacewicz, Mikolaj"]
[Black "Robinson, James"]
[Result "1-0"]
[WhiteElo "1961"]
[BlackElo "1754"]
[WhiteFideId "21842981"]
[BlackFideId "426784"]
[EventDate "2017.12.02"]

1. d4 d5 2. c4 e6 3. Nf3 f5 4. g3 Nf6 5. Bg2 c6 6. Bf4 Bb4+ 7. Nbd2 O-O 8. a3
Bd6 9. Ne5 Ne4 10. f3 Nf6 11. Qc2 Nh5 12. Be3 Nd7 13. Nd3 g6 14. Bh6 Rf7 15. e4
fxe4 16. fxe4 dxe4 17. Nxe4 Bc7 18. O-O-O Qe7 19. Ne5 Nxe5 20. dxe5 Ng7 21. Nd6
Rf8 22. Rd2 Bb6 23. Rhd1 Rd8 24. h4 Qc7 25. Bh3 a5 26. Rf1 Rf8 27. Rxf8+ Kxf8
28. Rd3 Kg8 29. Rf3 Bd7 30. Rf7 Nf5 31. Nxf5 gxf5 32. Qe2 Qd8 33. Rg7+ 1-0

[Event "London Classic Open 2017"]
[Site "London ENG"]
[Date "2017.12.04"]
[Round "4.115"]
[White "Haddock, Paul"]
[Black "Rysbayeva, Aigerim"]
[Result "0-1"]
[BlackTitle "WFM"]
[WhiteElo "1576"]
[BlackElo "2118"]
[WhiteFideId "419150"]
[BlackFideId "13704567"]
[EventDate "2017.12.02"]

1. e4 c5 2. d4 cxd4 3. c3 d3 4. Bxd3 Nc6 5. Nf3 d6 6. Bc4 e6 7. O-O Nf6 8. Bg5
Be7 9. Qe2 O-O 10. Na3 a6 11. Bxf6 Bxf6 12. Rad1 Qc7 13. Nc2 b5 14. Bd3 Bb7 15.
Ncd4 Rfd8 16. Nxc6 Qxc6 17. Nd4 Qc5 18. Nf3 b4 19. cxb4 Qxb4 20. b3 a5 21. Rc1
Rdc8 22. Rfd1 d5 23. exd5 Bxd5 24. Ne5 g6 25. Qe3 Bxe5 26. Qxe5 Rxc1 27. Rxc1
Qd2 28. Qe3 Qxa2 29. Be4 Bxe4 30. Qxe4 Rb8 31. Qf4 Qxb3 32. h3 Qb4 33. Qe5 a4
34. Rc7 a3 35. Qf6 Qf8 36. Ra7 Rb1+ 37. Kh2 Qb8+ 0-1

[Event "London Classic Open 2017"]
[Site "London ENG"]
[Date "2017.12.04"]
[Round "4.116"]
[White "Iyengar, Ilya"]
[Black "Zhao, Haolin"]
[Result "1-0"]
[WhiteElo "2044"]
[BlackElo "1715"]
[WhiteFideId "405949"]
[BlackFideId "428680"]
[EventDate "2017.12.02"]

1. d4 Nf6 2. Nf3 e6 3. Bg5 c5 4. e3 Nc6 5. Bd3 cxd4 6. exd4 Be7 7. c3 b6 8. O-O
Bb7 9. Nbd2 O-O 10. Qc2 h6 11. Bh4 Rc8 12. a3 Nh5 13. Bxe7 Nxe7 14. Rfe1 Nf4 15.
Bf1 Nf5 16. g3 Ng6 17. Bg2 Qc7 18. a4 a5 19. Qd3 d6 20. h4 Rfd8 21. h5 Nf8 22.
Nb1 Qc4 23. Qxc4 Rxc4 24. Na3 Rc7 25. Nb5 Rcd7 26. Nd2 Bxg2 27. Kxg2 d5 28. Nf3
Nd6 29. Ne5 Rb7 30. Nc6 Rdd7 31. g4 Nh7 32. f3 Nf6 33. Ne5 Rd8 34. Nc6 Rdd7 35.
b3 Kf8 36. Ne5 Rd8 37. Nc6 Rdd7 38. Rec1 Ng8 39. Ne5 Rd8 40. Nc6 Rdd7 41. Kf2
Ne7 42. Ne5 Rd8 43. Ke3 f6 44. Nd3 Nec8 45. Nf4 Kf7 46. Kd3 Nxb5 47. axb5 Rbd7
48. Re1 Rd6 49. Ra2 Na7 50. Rae2 Re8 51. c4 dxc4+ 52. bxc4 Nc8 53. Kc3 e5 54.
dxe5 Rxe5 55. Rxe5 fxe5 56. Ng6 Ne7 57. Nxe7 Kxe7 58. Rxe5+ Kf6 59. Rf5+ Ke7 60.
c5 bxc5 61. Rxc5 Rf6 62. Rf5 Re6 63. Kd4 Rd6+ 64. Rd5 Rf6 65. Rf5 Rd6+ 66. Kc5
a4 67. Kb4 Rd4+ 68. Ka3 Rc4 69. Re5+ Kd7 70. Re4 Rc3+ 71. Kxa4 Rxf3 72. Rc4 Rf6
73. Ka5 g6 74. Rc6 Rf1 75. Rxg6 Rg1 76. Kb6 Rg2 77. Kb7 Rg1 78. b6 Rg2 79. Kb8
Rg1 80. b7 Ra1 81. Rxh6 1-0

[Event "London Classic Open 2017"]
[Site "London ENG"]
[Date "2017.12.04"]
[Round "4.117"]
[White "Cole, James"]
[Black "Voiculescu-Holvad, Stefan"]
[Result "1-0"]
[WhiteElo "1886"]
[BlackElo "1671"]
[WhiteFideId "431818"]
[BlackFideId "20692005"]
[EventDate "2017.12.02"]

1. d4 Nf6 2. Nf3 e6 3. e3 c5 4. Bd3 Nc6 5. O-O d5 6. b3 Bd6 7. Bb2 O-O 8. Ne5
Bd7 9. Nd2 cxd4 10. exd4 Rc8 11. a3 a6 12. f4 Qb6 13. Ndf3 Rfd8 14. Qe2 Na7 15.
Kh1 Bb5 16. c4 dxc4 17. bxc4 Bf8 18. cxb5 Nxb5 19. Nc4 Qa7 20. a4 Nd6 21. Nxd6
Bxd6 22. Ne5 Bb4 23. Rac1 Qb8 24. f5 Rxc1 25. Rxc1 exf5 26. Bxf5 g6 27. Qc4 gxf5
28. Qxf7+ Kh8 29. Qxf6+ Kg8 30. Nf7 Bd2 31. Qxd8+ Qxd8 32. Nxd8 Bxc1 33. Bxc1 b5
34. axb5 axb5 35. Ba3 Kg7 36. Ne6+ Kf7 37. Nc7 Kf6 38. Nxb5 Ke6 39. Nc3 Kd7 40.
d5 1-0

[Event "London Classic Open 2017"]
[Site "London ENG"]
[Date "2017.12.04"]
[Round "4.118"]
[White "Lee, Kyung Chan"]
[Black "Clancy, Martin J"]
[Result "0-1"]
[WhiteElo "1552"]
[BlackElo "1855"]
[WhiteFideId "13205048"]
[BlackFideId "2403404"]
[EventDate "2017.12.02"]

1. e4 c5 2. Nf3 e6 3. d4 cxd4 4. Nxd4 Nf6 5. Nc3 d6 6. Bd3 a6 7. O-O Be7 8. Kh1
b5 9. f4 Bb7 10. a3 Nbd7 11. b4 Rc8 12. Bb2 Qb6 13. Nf3 O-O 14. Qe1 e5 15. fxe5
dxe5 16. Nd5 Qd6 17. Nxe7+ Qxe7 18. Rc1 Nh5 19. Qe3 f6 20. c4 bxc4 21. Bxc4+ Kh8
22. Nh4 g6 23. Bb3 Nf4 24. g3 Nh3 25. Nf3 Rxc1 26. Bxc1 Rc8 27. Kg2 Ng5 28. Nxg5
fxg5 29. Rf7 Qd6 30. Bb2 h6 31. Qf2 Bxe4+ 32. Kg1 Bd5 33. Rxd7 Qxd7 34. Bxd5
Qxd5 35. Qf6+ Kh7 36. Qxe5 Qd1+ 0-1

[Event "London Classic Open 2017"]
[Site "London ENG"]
[Date "2017.12.04"]
[Round "4.119"]
[White "Nyenhuis, Yannek"]
[Black "Haynes, Noah"]
[Result "1-0"]
[WhiteElo "1847"]
[BlackElo "1535"]
[WhiteFideId "16231538"]
[BlackFideId "1543172"]
[EventDate "2017.12.02"]

1. e4 c5 2. Nf3 d6 3. d4 cxd4 4. Nxd4 Nf6 5. Nc3 g6 6. Be3 Bg7 7. f3 O-O 8. Qd2
Nc6 9. Bc4 Bd7 10. h4 h5 11. O-O-O Rc8 12. Bb3 Ne5 13. g4 hxg4 14. h5 gxh5 15.
f4 Nc6 16. f5 Ne5 17. Bh6 Nh7 18. Rxh5 e6 19. Bxg7 Kxg7 20. Qh6+ 1-0

[Event "London Classic Open 2017"]
[Site "London ENG"]
[Date "2017.12.04"]
[Round "4.120"]
[White "Volovich, Julia"]
[Black "Fernandez Aransay, Fernando"]
[Result "0-1"]
[WhiteElo "1546"]
[BlackElo "1838"]
[WhiteFideId "447099"]
[BlackFideId "2216280"]
[EventDate "2017.12.02"]

1. d4 d5 2. c4 e6 3. Nc3 Nf6 4. Bg5 Be7 5. e3 O-O 6. Nf3 h6 7. Bh4 Nbd7 8. Rc1
b6 9. cxd5 exd5 10. Nb5 c5 11. dxc5 bxc5 12. Bg3 Qa5+ 13. Nd2 c4 14. Nc7 Rb8 15.
Nxd5 Qxd5 16. Bxb8 Nxb8 17. Rxc4 Ba6 18. Rd4 Qxa2 19. Ra4 Qe6 20. Bxa6 Nxa6 21.
Qa1 Nb4 22. O-O Bc5 23. Rc1 Nd3 24. Rc3 Qf5 25. Nf3 Bb6 26. Qb1 Qb5 27. Raa3 Nc5
28. Nd4 Qd7 29. Qc1 Nce4 30. Rc4 Rd8 31. Ra1 Qd5 32. Nc6 Rd7 33. Nd4 Ng4 34.
Rc8+ Kh7 35. Qc2 Nxf2 36. Rf1 Bxd4 37. exd4 Qxd4 38. Rc4 Nh3+ 39. Kh1 Qg1+ 40.
Rxg1 Nf2+ 0-1

[Event "London Classic Open 2017"]
[Site "London ENG"]
[Date "2017.12.04"]
[Round "4.121"]
[White "Ensmenger, Hugo"]
[Black "Rushbrooke, Tibo"]
[Result "1-0"]
[WhiteElo "1829"]
[BlackElo "1570"]
[WhiteFideId "1317407"]
[BlackFideId "433900"]
[EventDate "2017.12.02"]

1. d4 f5 2. g3 Nf6 3. Bg2 e6 4. c4 Be7 5. Nh3 O-O 6. O-O d6 7. b3 Qe8 8. Bb2 Nc6
9. Nc3 e5 10. e3 Kh8 11. Nd5 Bd8 12. Kh1 Nb8 13. dxe5 dxe5 14. Ba3 Rf7 15. Qe2
Nxd5 16. cxd5 Be7 17. Bb2 Bd6 18. Ng5 Rf6 19. Bf3 Rh6 20. Bg2 Qg6 21. f4 Nd7 22.
Kg1 Nf6 23. Bxe5 Bxe5 24. fxe5 Ng4 25. Nf3 Qh5 26. h3 Nxe5 27. g4 Qe8 28. Nxe5
Qxe5 29. Qd3 Bd7 30. Rad1 fxg4 31. Rf4 gxh3 32. Rdf1 Qd6 33. Be4 Re8 34. Qd4 Rf6
35. Rxf6 gxf6 36. Rxf6 Qg3+ 37. Kh1 Qe1+ 38. Rf1+ 1-0

[Event "London Classic Open 2017"]
[Site "London ENG"]
[Date "2017.12.04"]
[Round "4.122"]
[White "Levy, Christopher A"]
[Black "Siddharth, Gopakumar"]
[Result "0-1"]
[WhiteElo "1526"]
[BlackElo "1808"]
[WhiteFideId "431320"]
[BlackFideId "5053463"]
[EventDate "2017.12.02"]

1. d4 d5 2. Bf4 Nf6 3. e3 e6 4. Nf3 c5 5. c3 Nc6 6. Bd3 b6 7. Nbd2 Bd6 8. Bg3
Qc7 9. O-O Bxg3 10. hxg3 O-O 11. dxc5 bxc5 12. e4 Rb8 13. exd5 exd5 14. Qc2 Qb6
15. b3 Re8 16. Rfd1 Bg4 17. Rdc1 Re7 18. Re1 Rbe8 19. Rxe7 Rxe7 20. Re1 Rxe1+
21. Nxe1 Ne5 22. Bf5 g6 23. Bxg4 Nfxg4 24. Ndf3 Qf6 25. Qe2 Qf5 26. Nxe5 Nxe5
27. Qc2 Qh5 28. Qd2 Ng4 29. Nf3 Qf5 30. Qe1 Qc2 31. Qd2 Qb1+ 32. Ne1 Nf6 33. f3
Qf5 34. Qe3 Qb1 35. Qd2 h5 36. Kf2 Qf5 37. Kg1 Qe5 38. Kf2 Qf5 39. Kg1 g5 40.
Qf2 Qe5 41. c4 dxc4 42. bxc4 Qc3 43. Qe2 Kg7 44. Kf1 Nd7 45. Qd3 Qxd3+ 46. Nxd3
Kf6 47. Ke2 Kf5 48. Ke3 g4 49. f4 f6 50. Nf2 Nb6 51. Kd3 h4 52. gxh4 Kxf4 53.
Ne4 Nd7 54. g3+ Kf3 55. Nxc5 Nxc5+ 56. Kd4 Kxg3 57. h5 Kh4 58. h6 Ne6+ 59. Kd5
Ng5 60. c5 g3 61. c6 g2 62. c7 g1=Q 63. c8=Q Qd1+ 0-1